Conocimientos, actitudes y prácticas en salud bucal de cuidadores a cargo de pacientes diagnosticados con trastornos del espectro autista / (Registro nro. 5653)
[ vista simple ]
| 000 -LEADER | |
|---|---|
| fixed length control field | 02504nam a2200277 4500 |
| 001 - CONTROL NUMBER | |
| control field | 0000010707 |
| 003 - CONTROL NUMBER IDENTIFIER | |
| control field | co-ctgcurn |
| 005 - DATE AND TIME OF LATEST TRANSACTION | |
| control field | 20250329165503.0 |
| 008 - FIXED-LENGTH DATA ELEMENTS--GENERAL INFORMATION | |
| fixed length control field | 180403s2023 000 0 eng d |
| 040 ## - CATALOGING SOURCE | |
| Original cataloging agency | CO-CtgCURN |
| Language of cataloging | spa |
| Transcribing agency | coctgcurn |
| 082 0# - DEWEY DECIMAL CLASSIFICATION NUMBER | |
| Classification number | ODO 2023 |
| Item number | P852 |
| 100 1# - MAIN ENTRY--PERSONAL NAME | |
| Personal name | Portillo Vélez, Mariel Denise. |
| 245 10 - TITLE STATEMENT | |
| Title | Conocimientos, actitudes y prácticas en salud bucal de cuidadores a cargo de pacientes diagnosticados con trastornos del espectro autista / |
| Statement of responsibility, etc. | Mariel Denise Portillo Vélez; Mario Alberto Puche Narváez; Carlos Arturo Peña Herrera; Alejandro José Ahumada Montes; director: Carlos Arturo Leal Acosta . |
| 260 ## - PUBLICATION, DISTRIBUTION, ETC. | |
| Place of publication, distribution, etc. | Cartagena de Indias : |
| Name of publisher, distributor, etc. | Corporación Universitaria Rafael Nuñez, |
| Date of publication, distribution, etc. | 2023. |
| 300 ## - PHYSICAL DESCRIPTION | |
| Extent | 63 hojas. |
| 504 ## - BIBLIOGRAPHY, ETC. NOTE | |
| Bibliography, etc. note | Trabajo de grado (Odontología). Corporación Universitaria Rafael Nuñez. Facultad de Ciencias de la Salud. Odontología, 2023. |
| 520 ## - SUMMARY, ETC. | |
| Summary, etc. | "Uno de los cuidados más importantes que se deben tener en el ser humano desde la infancia está asociado a la salud bucal, teniendo en cuenta que las enfermedades asociadas, tienen afección incluso hasta la adultez, y afectan no solo en la calidad de vida sino también puede generar o influir en enfermedades de otro tipo. Esto afecta tanto a adultos como a niños, sin embargo, la población motivo de esta investigación que genera un poco más de atención debido a su condición y es la asociada a los niños con Trastorno del Espectro Autista en adelante TEA. Esta discapacidad del desarrollo, está causada por diferencias en el cerebro y las personas que la padecen, con frecuencia tienen problemas con la comunicación y la interacción social. En el caso de los niños, es importante atender tempranamente e intervenir con el fin de minimizar las consecuencias de deterioro en el desarrollo del niño, por lo que se hace necesario contar con el acompañamiento de cuidadores que tengan el conocimiento adecuado en términos de salud" |
| 650 #0 - SUBJECT ADDED ENTRY--TOPICAL TERM | |
| Topical term or geographic name entry element | Odontologia |
| Form subdivision | Tesis y disertaciones academicas. |
| 700 1# - ADDED ENTRY--PERSONAL NAME | |
| Personal name | Puche Narváez, Mario Alberto . |
| 700 1# - ADDED ENTRY--PERSONAL NAME | |
| Personal name | Peña Herrera, Carlos Arturo. |
| 700 1# - ADDED ENTRY--PERSONAL NAME | |
| Personal name | Ahumada Montes, Alejandro José . |
| 700 1# - ADDED ENTRY--PERSONAL NAME | |
| Personal name | Leal Acosta, Carlos Arturo, |
| Relator term | director. |
| 856 ## - ELECTRONIC LOCATION AND ACCESS | |
| Uniform Resource Identifier | <a href="https://unicurn.sharepoint.com/:b:/s/biblioteca/EeSfLWcsG3pCoLiJRvwdrIMBgPOAEN3Wgqh8IYr9nhrx9Q?e=Yhdfof">https://unicurn.sharepoint.com/:b:/s/biblioteca/EeSfLWcsG3pCoLiJRvwdrIMBgPOAEN3Wgqh8IYr9nhrx9Q?e=Yhdfof</a> |
| Public note | Click aqui para ver el recurso en texto completo |
| 942 ## - ADDED ENTRY ELEMENTS (KOHA) | |
| Source of classification or shelving scheme | Dewey Decimal Classification |
| Koha item type | Trabajos de grado |
| Classification part | ODO 2023 |
| Item part | P852 |
| Withdrawn status | Lost status | Source of classification or shelving scheme | Damaged status | Not for loan | Collection | Home library | Current library | Shelving location | Date acquired | Source of acquisition | Cost, normal purchase price | Inventory number | Total checkouts | Full call number | Barcode | Date last seen | Copy number | Price effective from | Koha item type |
|---|---|---|---|---|---|---|---|---|---|---|---|---|---|---|---|---|---|---|---|
| Dewey Decimal Classification | Trabajos de grado | Miguel Henríquez Emiliani | Miguel Henríquez Emiliani | Trabajo de grado | 03/29/2025 | El autor | 350000.00 | 025081 | ODO 2023 P852 | 025081 | 03/02/2024 | 1 | 03/02/2024 | Libros |